Rocas y minerales

Salvato in:
Dettagli Bibliografici
Autore principale: Symmes, R. F (Autore)
Natura: Libro
Lingua:spagnolo
Pubblicazione: Madrid Altea 1990
Serie:Biblioteca visual altea
Soggetti:
Tags: Aggiungi Tag
Nessun Tag, puoi essere il primo ad aggiungerne!!

MARC

LEADER 00000nam a2200000 a 4500
001 UCS3905
003 CL-VaPUC
008 970718e19900000SP |||||||||||||||||spa|d
082 0 4 |a 549  |b SYM  |2 21 
100 0 |a Symmes, R. F  |e author  |9 390057 
245 1 0 |a Rocas y minerales 
300 |a 63 p 
942 |c BK 
945 |d 19970718 00:00:00  |a amoreno 
260 |a Madrid  |b Altea  |c 1990 
650 0 |a Minerales   |9 264051 
650 0 |a Rocas  |9 266105 
650 7 |a TEMPERATURA  |2 CL-VaPUC  |9 390058 
650 0 |a Erosión  |9 262782 
650 7 |a MARMOL  |2 CL-VaPUC  |9 365602 
650 7 |a CARBON  |2 CL-VaPUC  |9 268755 
650 7 |a FOSILES  |2 CL-VaPUC  |9 370434 
650 7 |a CRISTALES  |2 CL-VaPUC  |9 357403 
650 7 |a DECORACION  |2 CL-VaPUC  |9 358110 
650 0 |a Metales   |9 260686 
650 0 |a Rocas volcánicas   |9 357476 
583 |a last modification  |c 19970718 00:00:00  |k Rodrigo Vera 
490 0 |a Biblioteca visual altea 
999 |c 261372  |d 261370 
952 |0 0  |1 0  |4 0  |6 549_000000000000000_SYM_1990  |7 0  |8 P  |9 288765  |a BIBARQ  |b BIBARQ  |d 2019-11-19  |i 3334384  |o 549 SYM 1990  |p 3334384  |r 2025-01-20  |w 2019-11-19  |y BK  |k ARQ